[Event "Campeonato Brasileiro Juvenil 2012 - Abs"]
[Site "Sao Paulo"]
[Date "2012.06.07"]
[Round "1.1"]
[White "Barbosa, Evandro Amorim"]
[Black "Nolasco, Vitor"]
[Result "1-0"]
[WhiteElo "2401"]
[BlackElo "1918"]
[PlyCount "79"]
[EventDate "2012.06.07"]

1. d4 Nf6 2. c4 c5 3. d5 e6 4. Nc3 exd5 5. cxd5 d6 6. Nf3 g6 7. g3 Bg7 8. Bg2
O-O 9. O-O Re8 10. Bf4 a6 11. a4 Nh5 12. Bg5 f6 13. Bd2 Bh8 14. a5 Bd7 15. Qb3
Qc7 16. Rfc1 Re7 17. Be1 Bg4 18. Qc4 Bxf3 19. Bxf3 Ng7 20. Na4 Nd7 21. b4 Rc8
22. bxc5 Ne5 23. Qb3 Nxf3+ 24. Qxf3 Rce8 25. Nb6 Rd8 26. Bb4 dxc5 27. Bxc5 Qe5
28. e3 Nf5 29. Rab1 Qe4 30. Qxe4 Rxe4 31. Ba3 Ne7 32. Rc7 Nxd5 33. Nxd5 Rxd5
34. Rc8+ Kf7 35. Rxb7+ Ke6 36. Rxh8 Rxa5 37. Bb2 Kf5 38. Rhxh7 Re6 39. Rb4 g5
40. g4+ 1-0

[Event "Campeonato Brasileiro Juvenil 2012 - Abs"]
[Site "Sao Paulo"]
[Date "2012.06.07"]
[Round "1.2"]
[White "Takeda, Lucas Koji"]
[Black "Santiago, Yago De Moura"]
[Result "0-1"]
[WhiteElo "1902"]
[BlackElo "2347"]
[PlyCount "50"]
[EventDate "2012.06.07"]

1. d4 f5 2. Nf3 Nf6 3. c4 g6 4. g3 Bg7 5. Bg2 O-O 6. Nc3 d6 7. O-O c6 8. Qc2 h6
9. b3 g5 10. Re1 Qe8 11. Bb2 Qh5 12. e4 fxe4 13. Nxe4 Bf5 14. Nxf6+ Rxf6 15.
Qc3 Rf7 16. Nd2 Nd7 17. f3 Bh3 18. g4 Qh4 19. Ne4 Raf8 20. Re3 c5 21. Qd3 cxd4
22. Bxd4 Ne5 23. Qd1 Bxg2 24. Kxg2 Nxg4 25. Qg1 Bxd4 0-1

[Event "Campeonato Brasileiro Juvenil 2012 - Abs"]
[Site "Sao Paulo"]
[Date "2012.06.07"]
[Round "1.3"]
[White "Quintiliano Pinto, Renato R"]
[Black "Japiassu, Ricardo De Villa Nov"]
[Result "1-0"]
[WhiteElo "2272"]
[BlackElo "1900"]
[PlyCount "133"]
[EventDate "2012.06.07"]

1. e4 c5 2. Nf3 e6 3. d4 cxd4 4. Nxd4 a6 5. c4 Nf6 6. Nc3 Qc7 7. a3 Be7 8. Be3
d6 9. Be2 Nbd7 10. O-O b6 11. Rc1 Bb7 12. f3 Rc8 13. b4 O-O 14. Nb3 Qb8 15. Qd2
Bd8 16. Rfd1 Bc7 17. Bf4 Ne5 18. Bxe5 dxe5 19. Kh1 Rfd8 20. Qe3 Rxd1+ 21. Rxd1
Rd8 22. Rxd8+ Qxd8 23. c5 Nd7 24. c6 Bxc6 25. Bxa6 Nb8 26. Bf1 Bb7 27. Qd3 Nc6
28. Qxd8+ Bxd8 29. Bd3 Kf8 30. Ne2 Bf6 31. Kg1 g6 32. g3 Ke7 33. Kf2 Bg7 34.
Nc3 Kd6 35. Ke3 f5 36. Bc4 Bh6+ 37. Kd3 Bg7 38. Na4 Kc7 39. Nc3 Bc8 40. Ne2 Kd6
41. Nd2 Bf6 42. Bb5 Bb7 43. Nc4+ Kc7 44. Bxc6 Bxc6 45. Nc3 g5 46. b5 Bb7 47. h3
h5 48. g4 hxg4 49. hxg4 fxg4 50. fxg4 Be7 51. a4 Bb4 52. Nd1 Bd6 53. Nde3 Bc8
54. Nf1 Bf8 55. Nfd2 Bg7 56. Nf3 Bd7 57. Nfxe5 Be8 58. Nf3 Bf6 59. Ncd2 Bd7 60.
e5 Be7 61. Ne4 Be8 62. Nfxg5 Kd7 63. Nh3 Bg6 64. Kd4 Ba3 65. Nf4 Bb2+ 66. Ke3
Bh7 67. Nf6+ 1-0

[Event "Campeonato Brasileiro Juvenil 2012 - Abs"]
[Site "Sao Paulo"]
[Date "2012.06.07"]
[Round "1.5"]
[White "Proudian, Armen"]
[Black "De Carvalho, Igor Lorenzon"]
[Result "1-0"]
[WhiteElo "2147"]
[BlackElo "1867"]
[PlyCount "89"]
[EventDate "2012.06.07"]

1. e4 c6 2. d4 d5 3. Nc3 dxe4 4. Nxe4 Nf6 5. Nxf6+ gxf6 6. Bc4 Bf5 7. Ne2 e6 8.
Bb3 Bd6 9. Bf4 Qc7 10. Bxd6 Qxd6 11. c3 Nd7 12. Ng3 Bg6 13. Qf3 O-O-O 14. h4 h5
15. O-O-O f5 16. Ne2 Nf6 17. Nf4 Rhg8 18. Rhe1 Nd5 19. Bxd5 cxd5 20. g3 Qf8 21.
Re3 Kb8 22. b3 Rc8 23. Kb2 Rc6 24. Nd3 Qc8 25. Ne5 Ra6 26. c4 Qc7 27. c5 Qa5
28. a4 Qb4 29. Qf4 Ka8 30. Nd3 Qa5 31. Re2 b5 32. Ra1 Rb8 33. b4 Qd8 34. a5 f6
35. Rae1 Bf7 36. Qh6 Qh8 37. Qxh8 Rxh8 38. Nf4 Re8 39. Nxd5 exd5 40. Rxe8+ Bxe8
41. Rxe8+ Kb7 42. Kc2 Kc7 43. Kd3 Kd7 44. Rh8 Re6 45. Rxh5 1-0

[Event "Campeonato Brasileiro Juvenil 2012 - Abs"]
[Site "Sao Paulo"]
[Date "2012.06.07"]
[Round "1.6"]
[White "Poeta, Caio Medeiros"]
[Black "Goncalves, Ivan Mesquita V"]
[Result "1/2-1/2"]
[WhiteElo "1859"]
[BlackElo "2100"]
[PlyCount "147"]
[EventDate "2012.06.07"]

1. d4 Nf6 2. c4 g6 3. Nc3 d5 4. cxd5 Nxd5 5. e4 Nxc3 6. bxc3 Bg7 7. Be3 c5 8.
Rc1 Qa5 9. Qd2 cxd4 10. cxd4 Qxd2+ 11. Bxd2 O-O 12. Nf3 Bg4 13. Rc7 Bxf3 14.
gxf3 Bxd4 15. Rxe7 b6 16. Rc7 Be5 17. Rc2 Nd7 18. Bb5 Nc5 19. Bb4 Rac8 20. Bxc5
bxc5 21. Ke2 Kg7 22. h3 Bd4 23. f4 Rb8 24. Bc4 a5 25. a4 Rb4 26. Bb5 Rb8 27.
Rd1 Rb6 28. Rd3 Re6 29. Kf3 Rb1 30. e5 Rb6 31. Ke4 Re1+ 32. Kd5 f6 33. Rxc5
Bxc5 34. Kxc5 Rb7 35. Kc6 Ra7 36. Kd6 fxe5 37. fxe5 Rf7 38. f3 Rf5 39. e6 Kf6
40. Bd7 Rfe5 41. Rd4 R1e3 42. f4 R5e4 43. Rd5 Rxf4 44. Rxa5 Rxh3 45. Ra8 Rd3+
46. Kc7 Rc4+ 47. Kd8 Re4 48. Ra6 Kg7 49. a5 g5 50. Rb6 g4 51. a6 g3 52. a7 g2
53. Rb1 Ra3 54. Rg1 Re2 55. e7 Rxa7 56. Rxg2+ Rxg2 57. e8=Q Ra8+ 58. Bc8 Rd2+
59. Kc7 Rc2+ 60. Kd6 Rd2+ 61. Kc7 Rc2+ 62. Kd6 Raxc8 63. Qe7+ Kg6 64. Qe4+ Kg5
65. Qe7+ Kg6 66. Qe4+ Kg5 67. Qe7+ Kf4 68. Qf7+ Ke3 69. Qe7+ Kd2 70. Qxh7 R8c6+
71. Kd5 R6c5+ 72. Kd6 R5c3 73. Qh6+ Re3 74. Kd5 1/2-1/2

[Event "Campeonato Brasileiro Juvenil 2012 - Abs"]
[Site "Sao Paulo"]
[Date "2012.06.07"]
[Round "1.7"]
[White "Abdalla, Jose Lucas Aurelli"]
[Black "Goncalves, Leonardo Yamamoto Po"]
[Result "1/2-1/2"]
[WhiteElo "2098"]
[BlackElo "1848"]
[PlyCount "124"]
[EventDate "2012.06.07"]

1. e4 c5 2. Nf3 g6 3. d4 cxd4 4. Nxd4 Nc6 5. Nc3 Bg7 6. Nde2 Nf6 7. g3 d5 8.
exd5 Nb4 9. Bg2 Bf5 10. Nd4 Bg4 11. f3 e5 12. fxg4 exd4 13. a3 Nxc2+ 14. Qxc2
dxc3 15. O-O O-O 16. Qxc3 Nxg4 17. Qb4 Qb6+ 18. Qxb6 axb6 19. Rd1 Ne5 20. Rb1
Rac8 21. Bg5 f6 22. Bd2 Nc4 23. Bb4 Rfd8 24. d6 Ne3 25. Bxb7 Rb8 26. Bd5+ Nxd5
27. Rxd5 Bf8 28. Rbd1 Rd7 29. Rb5 Rbb7 30. Kg2 Kf7 31. Kf3 Ke6 32. Re1+ Kf7 33.
Rd5 Rb8 34. Red1 Rbd8 35. Rb5 Rb8 36. Bc5 Ke6 37. Bxb6 Bxd6 38. a4 Rdb7 39. a5
Bc7 40. Bxc7 Rxb5 41. Bxb8 Rxb8 42. Rb1 Kd5 43. b4 Kc6 44. Ke4 Kb5 45. Kd5 Rd8+
46. Ke6 f5 47. Ke7 Rd2 48. Ra1 Rc2 49. Kd7 Rd2+ 50. Kc7 Rc2+ 51. Kb7 Re2 52.
Rc1 Re6 53. h4 h6 54. Rc7 Rf6 55. Rh7 g5 56. hxg5 hxg5 57. Rd7 f4 58. Rd5+ Kxb4
59. a6 Rf7+ 60. Kb6 Rf6+ 61. Kb7 Rf7+ 62. Kb6 Rf6+ 1/2-1/2

[Event "Campeonato Brasileiro Juvenil 2012 - Abs"]
[Site "Sao Paulo"]
[Date "2012.06.07"]
[Round "1.8"]
[White "Cruz, Arquias Sofocles Gui"]
[Black "Sztokbant, Bernardo Vainzoff"]
[Result "1/2-1/2"]
[WhiteElo "1838"]
[BlackElo "2093"]
[PlyCount "134"]
[EventDate "2012.06.07"]

1. e4 Nf6 2. Nc3 d5 3. exd5 Nxd5 4. Bc4 Nxc3 5. Qf3 e6 6. dxc3 Bd6 7. Be3 Nd7
8. Bd4 c5 9. Bxg7 Rg8 10. Bh6 Qh4 11. Bd3 Be7 12. Be3 Ne5 13. Bb5+ Kf8 14. Qe2
Rxg2 15. Nf3 Nxf3+ 16. Qxf3 Qg4 17. Qxg4 Rxg4 18. Bd3 f5 19. O-O-O b6 20. Rhg1
Rg6 21. Bc4 a6 22. a4 e5 23. Rxg6 hxg6 24. Bh6+ Ke8 25. Rg1 g5 26. Bxg5 Ra7 27.
h4 Bxg5+ 28. Rxg5 Rh7 29. h5 Rh6 30. Rg8+ Kd7 31. Bf7 Bb7 32. Bg6 Bf3 33. Bxf5+
Ke7 34. Bg6 Bxh5 35. Bxh5 Rxh5 36. Rg6 b5 37. Rxa6 bxa4 38. Rxa4 Rf5 39. Re4
Kd6 40. Re2 c4 41. Kd2 Rf8 42. b4 Rf3 43. b5 Kd5 44. b6 Kc6 45. Rxe5 Kxb6 46.
Re2 Kc5 47. Re5+ Kd6 48. Re2 Kd5 49. Ke1 Rxc3 50. f4 Rh3 51. f5 Rh6 52. Rf2 Rf6
53. Kd2 Kd4 54. c3+ Ke4 55. Ke2 Rxf5 56. Rxf5 Kxf5 57. Kf3 Ke5 58. Ke3 Kd5 59.
Kf4 Kc5 60. Ke5 Kb5 61. Kd5 Kb6 62. Kxc4 Kc6 63. Kb4 Kb6 64. c4 Kc6 65. c5 Kc7
66. Kb5 Kb7 67. c6+ Kc8 1/2-1/2

[Event "Campeonato Brasileiro Juvenil 2012 - Abs"]
[Site "Sao Paulo"]
[Date "2012.06.07"]
[Round "1.9"]
[White "Maranhao, Jose Renato Ruiz"]
[Black "Nunes, Guilherme Hurba"]
[Result "1-0"]
[WhiteElo "2090"]
[BlackElo "1806"]
[PlyCount "123"]
[EventDate "2012.06.07"]

1. e4 e6 2. d4 d5 3. Nc3 dxe4 4. Nxe4 Bd7 5. Nf3 Bc6 6. Ng3 Bxf3 7. Qxf3 c6 8.
c3 Nf6 9. Bd3 Bd6 10. O-O Nbd7 11. Re1 O-O 12. Bf4 Qc7 13. Bxd6 Qxd6 14. Re3 g6
15. Rae1 Kg7 16. Ne4 Nxe4 17. Rxe4 h5 18. Qh3 Nf6 19. Re5 Ng4 20. R5e4 Nf6 21.
Re5 Ng4 22. R5e4 Nf6 23. R4e3 Ng4 24. R3e2 Rae8 25. Qh4 Re7 26. f3 Nf6 27. Re5
Rfe8 28. g4 hxg4 29. fxg4 Rh8 30. Qg5 Nd7 31. R5e2 Rh6 32. Rf1 f6 33. Qf4 Qxf4
34. Rxf4 e5 35. g5 fxg5 36. Rfe4 Rh3 37. Bc4 Nf6 38. Rxe5 Rxe5 39. Rxe5 b5 40.
Re7+ Kh6 41. Bf1 Rh4 42. Rxa7 Nd5 43. Bg2 b4 44. Bxd5 cxd5 45. Ra5 bxc3 46.
bxc3 Rh3 47. Rc5 Rd3 48. a4 Kg7 49. a5 Kf7 50. Rc7+ Ke6 51. a6 Rd1+ 52. Kg2 Kd6
53. a7 Ra1 54. Rg7 Kc6 55. Rxg6+ Kb5 56. Rg7 Kb6 57. Kf3 Rxa7 58. Rxa7 Kxa7 59.
Kg4 Kb6 60. Kxg5 Kb5 61. Kf4 Kc4 62. Ke3 1-0

[Event "Campeonato Brasileiro Juvenil 2012 - Abs"]
[Site "Sao Paulo"]
[Date "2012.??.??"]
[Round "1.11"]
[White "Caetano, Hugo Zanotti Mendonc"]
[Black "Luz, Arthur Nader"]
[Result "1-0"]
[WhiteElo "2047"]
[BlackElo "1760"]
[PlyCount "117"]
[EventDate "2012.06.07"]

1. d4 Nf6 2. c4 g6 3. Nc3 Bg7 4. e4 d6 5. f3 c6 6. Bg5 a6 7. a4 a5 8. Qd2 O-O
9. Nge2 Na6 10. Rd1 Qc7 11. g4 Re8 12. h4 Nd7 13. h5 Nf8 14. Bh6 e5 15. Bxg7
Kxg7 16. d5 Rd8 17. h6+ Kg8 18. Qg5 Nd7 19. dxc6 bxc6 20. Rxd6 f6 21. Qd2 Rb8
22. Bg2 Rxb2 23. Qxb2 Qxd6 24. Kf2 Qc5+ 25. Kg3 Nb6 26. Rd1 Rxd1 27. Nxd1 Nxc4
28. Qb3 Nb4 29. Nb2 Be6 30. Nc1 Kf7 31. Ncd3 Qe3 32. Nxc4 Qxd3 33. Qxd3 Nxd3
34. Nxa5 Nb4 35. Bf1 Bc8 36. Bc4+ Be6 37. f4 exf4+ 38. Kxf4 Bxc4 39. Nxc4 Ke6
40. a5 g5+ 41. Ke3 c5 42. Nb6 Kd6 43. Kd2 Ke6 44. Kc3 Kd6 45. Kc4 Na6 46. Nd5
Ke5 47. Kb5 Kxe4 48. Kxa6 f5 49. gxf5 g4 50. Nf6+ Kd4 51. Nxg4 c4 52. f6 c3 53.
f7 c2 54. f8=Q c1=Q 55. Qf2+ Kd5 56. Qf3+ Kd6 57. Qf6+ Kc5 58. Qe5+ Kb4 59.
Qd4+ 1-0

[Event "Campeonato Brasileiro Juvenil 2012 - Abs"]
[Site "Sao Paulo"]
[Date "2012.??.??"]
[Round "1.12"]
[White "Sousa, Felipe Mazim De"]
[Black "Gotz, Klaus Seiji Furucho"]
[Result "1-0"]
[WhiteElo "1707"]
[BlackElo "1975"]
[PlyCount "145"]
[EventDate "2012.06.07"]

1. e4 c5 2. Nf3 d6 3. d4 cxd4 4. Nxd4 Nf6 5. Nc3 g6 6. f3 Bg7 7. Be3 O-O 8. Bc4
Nc6 9. Qd2 Bd7 10. h4 h5 11. O-O-O Rc8 12. Bb3 Ne5 13. Qe2 Qa5 14. Bg5 Rfe8 15.
Kb1 Rc5 16. Nd5 Nxd5 17. Bxd5 Qb4 18. c3 Qb6 19. Be3 Qa6 20. Qxa6 bxa6 21. Bb7
Rb8 22. Nb3 Rxb7 23. Bxc5 dxc5 24. Nxc5 Rc7 25. Nxa6 Rc8 26. Nb4 Bb5 27. Nd5
Kf8 28. Ne3 Ba6 29. Rd5 Rb8 30. Rhd1 Ke8 31. b3 e6 32. Rc5 Bf6 33. Kc2 Rc8 34.
Ra5 Rc6 35. c4 Nd7 36. g3 Bd8 37. Ra4 Be7 38. Kb1 Nc5 39. Ra5 Nb7 40. Ra4 Rb6
41. Nc2 Nd8 42. e5 Nb7 43. Kb2 Nc5 44. Ra3 Nd7 45. Ra5 Bd8 46. Kc3 Rc6 47. Ra4
Nc5 48. Rb4 Ba5 49. a3 Nd7 50. Nd4 Bxb4+ 51. axb4 Rc7 52. f4 Nb6 53. b5 Bb7 54.
Kd3 a6 55. bxa6 Bxa6 56. Ra1 Nd7 57. Kc3 Nb8 58. Kb4 Nc6+ 59. Kc3 Nxd4 60. Kxd4
Rc6 61. Rc1 Kd7 62. b4 Kc7 63. Rc3 Bc8 64. b5 Rb6 65. Kc5 Rb8 66. Rd3 Bd7 67.
Rd6 Be8 68. Kb4 Bd7 69. Ka5 Rb7 70. b6+ Kc8 71. c5 Rb8 72. c6 Be8 73. Kb5 1-0

[Event "Campeonato Brasileiro Juvenil 2012 - Abs"]
[Site "Sao Paulo"]
[Date "2012.??.??"]
[Round "1.13"]
[White "Martins, Anderson Donay"]
[Black "Flach, Kauan Andrei"]
[Result "1/2-1/2"]
[WhiteElo "1946"]
[BlackElo "1699"]
[PlyCount "56"]
[EventDate "2012.06.07"]

1. e4 e5 2. Nf3 Nc6 3. Bb5 a6 4. Ba4 Nf6 5. O-O d6 6. d4 Bd7 7. dxe5 dxe5 8.
Bg5 b5 9. Bb3 Be7 10. Qe2 O-O 11. Rd1 h6 12. Bh4 Bd6 13. Nc3 Bg4 14. Qd3 g5 15.
Bg3 Bxf3 16. Qxf3 Nd4 17. Qd3 c5 18. Bd5 Rc8 19. Ne2 Nxd5 20. exd5 e4 21. Qd2
Nf5 22. Rf1 Re8 23. Rae1 e3 24. Qd3 Bxg3 25. Nxg3 exf2+ 26. Kxf2 Nxg3 27. hxg3
c4 28. Qd4 Qd6 1/2-1/2

[Event "Campeonato Brasileiro Juvenil 2012 - Abs"]
[Site "Sao Paulo"]
[Date "2012.??.??"]
[Round "1.14"]
[White "Gomes Silverio, Taua"]
[Black "Lima, Paulo Sergio Da Silv"]
[Result "0-1"]
[WhiteElo "1665"]
[BlackElo "1942"]
[PlyCount "86"]
[EventDate "2012.06.07"]

1. Nf3 Nf6 2. g3 e6 3. Bg2 d5 4. O-O Bd6 5. d3 O-O 6. Nbd2 c6 7. e4 e5 8. Re1
Re8 9. c3 Qc7 10. Nf1 dxe4 11. dxe4 Bc5 12. Qc2 Bg4 13. Be3 Nbd7 14. b4 Bb6 15.
a4 a5 16. N3d2 Be6 17. f4 exf4 18. gxf4 Qxf4 19. Bxb6 Nxb6 20. b5 cxb5 21. axb5
Qg5 22. Kh1 Qxb5 23. Reb1 Qc5 24. e5 Nfd7 25. Bxb7 Bd5+ 26. Bxd5 Qxd5+ 27. Qe4
Qxe4+ 28. Nxe4 Rxe5 29. Nd6 a4 30. Nb5 Nc5 31. Rb4 Nb7 32. Nd6 Nxd6 33. Rxb6
Nc8 34. Rb4 a3 35. Ra2 g6 36. Rb3 Rea5 37. Nd2 Nd6 38. Kg1 Rb5 39. Rxb5 Nxb5
40. Nc4 Rc8 41. Nxa3 Ra8 42. c4 Rxa3 43. Rxa3 Nxa3 0-1

[Event "Campeonato Brasileiro Juvenil 2012 - Abs"]
[Site "Sao Paulo"]
[Date "2012.??.??"]
[Round "1.15"]
[White "Quevedo Naissinger, Willian"]
[Black "Correia, Vitor Paie"]
[Result "1-0"]
[WhiteElo "1940"]
[BlackElo "1494"]
[PlyCount "61"]
[EventDate "2012.06.07"]

1. d4 c6 2. e4 d5 3. exd5 cxd5 4. Bd3 Nc6 5. Nf3 Nf6 6. c3 e6 7. Bf4 Be7 8. Qc2
b6 9. Bb5 Bb7 10. Qa4 Qd7 11. Ne5 Qc8 12. Bxc6+ Bxc6 13. Qxc6+ Qxc6 14. Nxc6 h6
15. Nd2 Bd8 16. Be5 O-O 17. Nxd8 Raxd8 18. Bxf6 gxf6 19. f4 f5 20. Nf3 f6 21.
Kd2 Kf7 22. Rhe1 Rfe8 23. Re3 Rd6 24. Rae1 b5 25. Nh4 Rdd8 26. g4 fxg4 27. f5
h5 28. fxe6+ Kg7 29. e7 Rd7 30. Re6 Kf7 31. Nf5 1-0

[Event "Campeonato Brasileiro Juvenil 2012 - Abs"]
[Site "Sao Paulo"]
[Date "2012.06.07"]
[Round "2.1"]
[White "Caetano, Hugo Zanotti Mendonc"]
[Black "Barbosa, Evandro Amorim"]
[Result "0-1"]
[WhiteElo "2047"]
[BlackElo "2401"]
[PlyCount "68"]
[EventDate "2012.06.07"]

1. d4 Nf6 2. c4 g6 3. Nc3 d5 4. cxd5 Nxd5 5. e4 Nxc3 6. bxc3 Bg7 7. Be3 c5 8.
Qd2 Qa5 9. Rc1 O-O 10. Nf3 Nc6 11. d5 Rd8 12. Be2 e6 13. O-O exd5 14. exd5 Bg4
15. Rfd1 Bxf3 16. Bxf3 Ne5 17. Be2 c4 18. Rc2 Rd7 19. Bd4 Rxd5 20. f4 Nc6 21.
Bxc4 Rd7 22. Qf2 Rad8 23. Rcd2 Bxd4 24. cxd4 Qb4 25. Bb3 Rxd4 26. Rxd4 Rxd4 27.
Rf1 Ne7 28. Kh1 a5 29. Qe3 Re4 30. Qf3 Re1 31. h3 a4 32. Bc4 Rxf1+ 33. Qxf1 Nf5
34. Kh2 Ne3 0-1

[Event "Campeonato Brasileiro Juvenil 2012 - Abs"]
[Site "Sao Paulo"]
[Date "2012.06.07"]
[Round "2.2"]
[White "Santiago, Yago De Moura"]
[Black "Quevedo Naissinger, Willian"]
[Result "1-0"]
[WhiteElo "2347"]
[BlackElo "1940"]
[PlyCount "77"]
[EventDate "2012.06.07"]

1. e4 c5 2. Nf3 d6 3. d4 cxd4 4. Nxd4 Nf6 5. Nc3 a6 6. Bc4 e6 7. O-O Be7 8. Be3
O-O 9. f4 Qc7 10. Bb3 Nc6 11. f5 Nxd4 12. Bxd4 b5 13. a3 Kh8 14. Qf3 Bb7 15.
Rae1 Nd7 16. Qg3 e5 17. Be3 Nb6 18. Bxb6 Qxb6+ 19. Kh1 Qd8 20. Qd3 Rc8 21. Bd5
Qc7 22. Bxb7 Qxb7 23. Nd5 f6 24. Rf3 Rf7 25. Rh3 h6 26. c3 Bf8 27. Rhe3 Qc6 28.
g4 Rb7 29. h4 Qe8 30. Rh3 Be7 31. Rg1 Qf7 32. g5 Rg8 33. gxh6 gxh6 34. Rxg8+
Kxg8 35. Rg3+ Kf8 36. Rg6 Ke8 37. Qg3 a5 38. Rg7 Qh5 39. Rxe7+ 1-0

[Event "Campeonato Brasileiro Juvenil 2012 - Abs"]
[Site "Sao Paulo"]
[Date "2012.06.07"]
[Round "2.3"]
[White "Lima, Paulo Sergio Da Silv"]
[Black "Quintiliano Pinto, Renato R"]
[Result "0-1"]
[WhiteElo "1942"]
[BlackElo "2272"]
[PlyCount "56"]
[EventDate "2012.06.07"]

1. d4 d5 2. Nf3 e6 3. e3 Nf6 4. c3 c5 5. Bd3 Nbd7 6. Nbd2 Bd6 7. O-O O-O 8. Re1
e5 9. dxe5 Nxe5 10. Nxe5 Bxe5 11. Nf3 Bc7 12. b3 Qd6 13. Bb2 Bg4 14. g3 Rad8
15. Be2 Ne4 16. Nd2 Qf6 17. Bxg4 Qxf2+ 18. Kh1 Qxd2 19. Qxd2 Nxd2 20. Rad1 Ne4
21. Kg2 Be5 22. Rc1 b5 23. Rc2 Rd6 24. Rd1 Rfd8 25. Bf3 Kf8 26. Ba3 Rc8 27. c4
dxc4 28. Rxd6 Nxd6 0-1

[Event "Campeonato Brasileiro Juvenil 2012 - Abs"]
[Site "Sao Paulo"]
[Date "2012.06.07"]
[Round "2.4"]
[White "Marques, Joao Paulo Cassemiro"]
[Black "Barreiros Da Silva, Denison Kle"]
[Result "1-0"]
[WhiteElo "2191"]
[BlackElo "1918"]
[PlyCount "59"]
[EventDate "2012.06.07"]

1. e4 c5 2. Nf3 d6 3. d4 cxd4 4. Nxd4 Nf6 5. Nc3 a6 6. h3 e6 7. g4 Be7 8. Bg2
Qc7 9. O-O Nc6 10. Be3 Ne5 11. f4 Nc4 12. Bc1 Qc5 13. Kh2 e5 14. Nb3 Qa7 15. g5
Ng8 16. Qe2 b5 17. a4 exf4 18. Nxb5 Qd7 19. Qxc4 axb5 20. Qxb5 Qxb5 21. axb5
Rb8 22. Bxf4 Rxb5 23. e5 d5 24. Ra8 Kd7 25. Nd4 Rc5 26. Rfa1 Bd8 27. R1a7+ Ke8
28. b4 Rc4 29. Bf1 Bb6 30. Bxc4 1-0

[Event "Campeonato Brasileiro Juvenil 2012 - Abs"]
[Site "Sao Paulo"]
[Date "2012.06.07"]
[Round "2.5"]
[White "E Silva, Hamilton Moreira"]
[Black "Proudian, Armen"]
[Result "1/2-1/2"]
[WhiteElo "1939"]
[BlackElo "2147"]
[PlyCount "89"]
[EventDate "2012.06.07"]

1. d4 Nf6 2. c4 e6 3. g3 Bb4+ 4. Bd2 a5 5. Bg2 d6 6. a3 Bxd2+ 7. Nxd2 e5 8.
Ngf3 Nc6 9. d5 Nb8 10. b4 O-O 11. O-O Nbd7 12. Qc2 c5 13. dxc6 bxc6 14. Ng5 Bb7
15. Nb3 axb4 16. axb4 h6 17. Ne4 Nxe4 18. Bxe4 Rxa1 19. Rxa1 Qb6 20. Qd2 Nf6
21. Bg2 d5 22. c5 Qc7 23. Ra7 Ra8 24. Qa2 Qb8 25. Ra5 Rxa5 26. Qxa5 Bc8 27. Qb6
Qxb6 28. cxb6 Nd7 29. Na5 Nb8 30. b5 cxb5 31. Bxd5 Be6 32. Bg2 b4 33. Nc6 b3
34. Be4 Nxc6 35. Bxc6 b2 36. Be4 Bd5 37. Bb1 Kf8 38. Kf1 Ke7 39. Ke1 Kd6 40.
Kd2 Kc5 41. Kc3 Kxb6 42. Kxb2 Kc5 43. Kc3 Bc4 44. e3 f6 45. Bc2 1/2-1/2

[Event "Campeonato Brasileiro Juvenil 2012 - Abs"]
[Site "Sao Paulo"]
[Date "2012.06.07"]
[Round "2.6"]
[White "Sousa, Felipe Mazim De"]
[Black "Maranhao, Jose Renato Ruiz"]
[Result "0-1"]
[WhiteElo "1707"]
[BlackElo "2090"]
[PlyCount "48"]
[EventDate "2012.06.07"]

1. e4 e5 2. Nf3 Nc6 3. Bb5 Nf6 4. O-O Bc5 5. Re1 Ng4 6. Re2 Nd4 7. Nxd4 Bxd4 8.
h3 h5 9. hxg4 hxg4 10. g3 a6 11. Ba4 Qf6 12. Re3 Qh6 13. Kf1 Bxe3 14. dxe3 Qh1+
15. Ke2 Qf3+ 16. Kd2 Qxf2+ 17. Kd3 Rh2 18. Nd2 b5 19. Bb3 c5 20. c4 d5 21. exd5
Bf5+ 22. Ne4 Qg2 23. Qxg4 Bxe4+ 24. Qxe4 Qe2+ 0-1

[Event "Campeonato Brasileiro Juvenil 2012 - Abs"]
[Site "Sao Paulo"]
[Date "2012.06.07"]
[Round "2.8"]
[White "Goncalves, Ivan Mesquita V"]
[Black "Cruz, Arquias Sofocles Gui"]
[Result "1-0"]
[WhiteElo "2100"]
[BlackElo "1838"]
[PlyCount "83"]
[EventDate "2012.06.07"]

1. d4 Nf6 2. c4 e6 3. Nc3 Bb4 4. a3 Bxc3+ 5. bxc3 c5 6. e3 d5 7. Bd3 O-O 8. Ne2
b6 9. cxd5 exd5 10. O-O Ba6 11. Bc2 Nc6 12. Re1 Ne4 13. f3 Bxe2 14. Qxe2 Nd6
15. a4 cxd4 16. cxd4 Re8 17. Bxh7+ Kxh7 18. Qc2+ Kg8 19. Qxc6 Nc4 20. Qb5 Qh4
21. g3 Qh5 22. Kg2 Rac8 23. Ra2 Qf5 24. e4 Qe6 25. Rae2 Nd6 26. Qd3 dxe4 27.
fxe4 Nxe4 28. Rxe4 Qd5 29. Kf2 Rxe4 30. Rxe4 Qf5+ 31. Bf4 g6 32. Qe2 Kh7 33.
Kg2 Qd5 34. Kh3 Qf5+ 35. g4 Rc3+ 36. Bg3 Qf6 37. Re3 Qxd4 38. Rxc3 Qxc3 39. Qe7
Qc4 40. Qf6 Qb3 41. Kh4 Qb1 42. Qxf7+ 1-0

[Event "Campeonato Brasileiro Juvenil 2012 - Abs"]
[Site "Sao Paulo"]
[Date "2012.06.07"]
[Round "2.9"]
[White "Flach, Kauan Andrei"]
[Black "Abdalla, Jose Lucas Aurelli"]
[Result "1/2-1/2"]
[WhiteElo "1699"]
[BlackElo "2098"]
[PlyCount "66"]
[EventDate "2012.06.07"]

1. e4 c5 2. Nf3 Nc6 3. d4 cxd4 4. Nxd4 g6 5. Nc3 Bg7 6. Be3 Nf6 7. f3 O-O 8.
Qd2 d5 9. O-O-O dxe4 10. Nxc6 Qxd2+ 11. Rxd2 bxc6 12. Nxe4 Nd5 13. Bc5 Bh6 14.
c4 f5 15. cxd5 fxe4 16. Bc4 Bxd2+ 17. Kxd2 exf3 18. dxc6+ Kg7 19. gxf3 Kf6 20.
Re1 Re8 21. c7 Bd7 22. Ba6 Bc6 23. c8=Q Raxc8 24. Bxc8 Rd8+ 25. Kc3 Rxc8 26.
Bxe7+ Kf5 27. Kd4 Bxf3 28. Rf1 Kg4 29. Ke3 Re8 30. h3+ Kh5 31. Rxf3 Rxe7+ 32.
Kf2 Kh4 33. a3 g5 1/2-1/2

[Event "Campeonato Brasileiro Juvenil 2012 - Abs"]
[Site "Sao Paulo"]
[Date "2012.06.07"]
[Round "2.10"]
[White "Sztokbant, Bernardo Vainzoff"]
[Black "Poeta, Caio Medeiros"]
[Result "1-0"]
[WhiteElo "2093"]
[BlackElo "1859"]
[PlyCount "39"]
[EventDate "2012.06.07"]

1. e4 c5 2. Nf3 d6 3. d4 cxd4 4. Nxd4 Nf6 5. Nc3 e6 6. Be2 a6 7. O-O b5 8. Bf3
Bb7 9. e5 Nd5 10. Nxd5 exd5 11. e6 f6 12. Qd3 Be7 13. Bh5+ Kf8 14. Nf5 g5 15.
Nh6 Qc7 16. Nf7 Rg8 17. Qxh7 Rg7 18. Qh8+ Rg8 19. Qh6+ Rg7 20. Nh8 1-0

[Event "Campeonato Brasileiro Juvenil 2012 - Abs"]
[Site "Sao Paulo"]
[Date "2012.06.07"]
[Round "2.12"]
[White "Goncalves, Leonardo Yamamoto Po"]
[Black "Araujo, Leonardo Augusto De"]
[Result "1/2-1/2"]
[WhiteElo "1848"]
[BlackElo "1932"]
[PlyCount "65"]
[EventDate "2012.06.07"]

1. Nf3 Nf6 2. d3 e6 3. e4 Nc6 4. Be2 Be7 5. O-O O-O 6. c3 d5 7. Qc2 Re8 8. Re1
e5 9. Nbd2 b6 10. Bf1 h6 11. b4 Bf8 12. a3 Bb7 13. Bb2 a6 14. g3 Qd7 15. h3
Rad8 16. Rad1 Nh7 17. Bg2 d4 18. cxd4 Nxd4 19. Nxd4 exd4 20. Nb3 Ng5 21. h4 Ne6
22. Bh3 c5 23. bxc5 bxc5 24. Bxe6 Qxe6 25. Nxc5 Qc6 26. Rc1 Bc8 27. Nb3 Qf6 28.
f4 Bg4 29. Qd2 g5 30. hxg5 hxg5 31. Rf1 Bh6 32. f5 Bh3 33. Rfe1 1/2-1/2

[Event "Campeonato Brasileiro Juvenil 2012 - Abs"]
[Site "Sao Paulo"]
[Date "2012.06.07"]
[Round "2.13"]
[White "Gotz, Klaus Seiji Furucho"]
[Black "De Sousa, Matheus Mazim"]
[Result "1/2-1/2"]
[WhiteElo "1975"]
[BlackElo "1818"]
[PlyCount "60"]
[EventDate "2012.06.07"]

1. d4 d5 2. c4 e6 3. Nc3 Nf6 4. Bg5 Be7 5. e3 O-O 6. Qc2 b6 7. Nf3 Bb7 8. cxd5
Nxd5 9. Bxe7 Qxe7 10. Be2 Nd7 11. Nxd5 Bxd5 12. O-O c5 13. Qa4 cxd4 14. Qxd4
Rfd8 15. b4 Rac8 16. Qb2 Bc4 17. Bxc4 Rxc4 18. a3 Qf6 19. Qxf6 Nxf6 20. Nd4 a6
21. b5 axb5 22. Nxb5 Ra4 23. Rfd1 Rda8 24. Rd6 Nd5 25. Re1 R4a5 26. Rb1 Rc8 27.
g3 g6 28. e4 Nc3 29. Nxc3 Rxc3 30. Rbxb6 Rcxa3 1/2-1/2

[Event "Campeonato Brasileiro Juvenil 2012 - Abs"]
[Site "Sao Paulo"]
[Date "2012.06.07"]
[Round "2.14"]
[White "Nunes, Guilherme Hurba"]
[Black "Branchini, Fernando Luis Sakamo"]
[Result "0-1"]
[WhiteElo "1806"]
[BlackElo "1972"]
[PlyCount "46"]
[EventDate "2012.06.07"]

1. d4 Nf6 2. Nf3 g6 3. e3 Bg7 4. b3 O-O 5. Bb2 d5 6. Nbd2 b6 7. Bd3 Bb7 8. O-O
c5 9. c4 e6 10. Ne5 Nbd7 11. f4 Ne4 12. Qc2 Nxe5 13. Bxe4 Ng4 14. Bxg6 fxg6 15.
Qd3 cxd4 16. exd4 Nf6 17. Rae1 Ne4 18. Ba3 dxc4 19. Qh3 Qxd4+ 20. Re3 Qxd2 21.
Qxe6+ Kh8 22. Rxe4 Bxe4 23. Bxf8 Qxg2# 0-1